| Tag |
First Indicator |
Second Indicator |
Subfields |
| LEADER |
00000cam a2200000Ma 4500 |
| 001 |
in00003501713 |
| 005 |
20151206122914.0 |
| 008 |
140220s2014 enk 000 d eng d |
| 015 |
|
|
|a GBB421275
|2 bnb
|
| 016 |
7 |
|
|a 016635821
|2 Uk
|
| 019 |
|
|
|a 869904829
|
| 020 |
|
|
|a 9781472579713 (pbk.)
|
| 020 |
|
|
|a 1472579712 (pbk.)
|
| 029 |
1 |
|
|a NZ1
|b 15372534
|
| 035 |
|
|
|a (OCoLC)ocn871305963
|
| 035 |
|
|
|a (OCoLC)871305963
|
| 040 |
|
|
|a UKMGB
|b eng
|c UKMGB
|d CDX
|d YDXCP
|d BTCTA
|d BDX
|d UBC
|d OCLCO
|d NAM
|d OCLCF
|d UtOrBLW
|
| 049 |
|
|
|a TXAM
|
| 050 |
|
4 |
|a PR6123.E85
|b C66 2014
|
| 082 |
0 |
4 |
|a 822.92
|2 23
|
| 100 |
1 |
|
|a West, Michael
|c (Playwright),
|e author.
|
| 245 |
1 |
0 |
|a Conservatory /
|c Michael West.
|
| 264 |
|
1 |
|a London ;
|a New York :
|b Bloomsbury,
|c 2014.
|
| 300 |
|
|
|a 64 pages ;
|c 20 cm.
|
| 336 |
|
|
|a text
|b txt
|2 rdacontent
|
| 337 |
|
|
|a unmediated
|b n
|2 rdamedia
|
| 338 |
|
|
|a volume
|b nc
|2 rdacarrier
|
| 650 |
|
0 |
|a Older couples
|v Drama.
|
| 650 |
|
0 |
|a Spouses
|v Drama.
|
| 655 |
|
7 |
|a Drama.
|2 fast
|0 (OCoLC)fst01423879
|
| 650 |
|
7 |
|a Older couples.
|2 fast
|0 (OCoLC)fst01738851
|
| 650 |
|
7 |
|a Spouses.
|2 fast
|0 (OCoLC)fst01130842
|
| 938 |
|
|
|a Coutts Information Services
|b COUT
|n 27462507
|
| 938 |
|
|
|a YBP Library Services
|b YANK
|n 11619017
|
| 938 |
|
|
|a Baker and Taylor
|b BTCP
|n BK0014453071
|
| 938 |
|
|
|a Brodart
|b BROD
|n 108673111
|
| 947 |
|
|
|a A14840369776
|
| 945 |
|
|
|a PromptCat
|b 904506
|
| 946 |
|
|
|a stk
|
| 948 |
|
|
|a Cataloged
|b h
|c 2014/9/24
|d c
|e LDuncan
|
| 994 |
|
|
|a 92
|b TXA
|
| 999 |
|
|
|a MARS
|
| 999 |
f |
f |
|s 48c5c16c-1d43-3183-8bb7-1777950cf597
|i eff305db-eb06-3157-ae28-3c76b62f0b68
|t 0
|
| 952 |
f |
f |
|p normal
|a Texas A&M University
|b College Station
|c Sterling C. Evans Library
|d Evans: Library Stacks
|t 0
|e PR6123.E85 C66 2014
|h Library of Congress classification
|i unmediated -- volume
|m A14840369776
|
| 998 |
f |
f |
|a PR6123.E85 C66 2014
|t 0
|l Evans: Library Stacks
|